Bandwagon Quiz - Atlanta Braves - Statistics

General Stats
  • This quiz has been taken 175 times
  • The average score is 15 of 20
Answer Stats
Hint Answer % Correct
How many World Series titles have the Braves won? 4
97%
What legendary player hit 733 home runs for the Braves? Hank Aaron
91%
Where did the Braves play before moving to Atlanta? Milwaukee
90%
What legendary third baseman played for the Braves for 19 seasons, retiring in 2012? Chipper Jones
89%
Who did the Braves defeat to win the World Series in 2021? Houston Astros
89%
What legendary pitcher won a Cy Young as a Brave three years in a row in 1993-1995? Greg Maddux
87%
And where did the Braves originate? Boston
86%
What is the name of the ballpark where the Braves play? Truist Park
86%
What center fielder will have his number retired by the Braves on September 9, 2024? Andruw Jones
84%
Who is the current manager of the Braves? Brian Snitker
83%
Who leads the Braves in all-time strikeouts? John Smoltz
81%
What Brave won the NL MVP award in 2023? Ronald Acuna
81%
Who was the World Series MVP for the Braves in 2021? Jorge Soler
76%
What is the name of the Braves' mascot? Blooper
74%
What tradition consists of Braves fans bringing their hands forward like they are using an axe? Tomahawk Chop
67%
What is the name of the Braves' Triple-A affiliate? Gwinnett Stripers
61%
What is the name for the market district built next to the Braves' ballpark? The Battery
55%
What shortstop won the Braves' only Platinum Glove in 2013? Andrelton Simmons
51%
Who is the general manager of the Braves? Alex Anthopoulos
35%
What is the name given to the waterfall in center field? Chattahoochee Falls
22%
No matching quizzes found
Score Distribution
Percent of People with Each Score
Percentile by Number Answered
Your Score History
You have not taken this quiz